000 01722nam a22001577a 4500
999 _c515066
_d515066
008 210109b ||||| |||| 00| 0 eng d
100 _aAhamd, S, Connolly, C. and Demirag, I
_923604
245 _aA study of the operationalization of management controls in United Kingdom Private Finance Initiative contracts
260 _aPublic Administration
300 _a98(1), 2020: p.92-108
520 _aUtilizing evidence from a United Kingdom (UK) road case study Private Finance Initiative (PFI) project, this article considers how the UK central government's infrastructure strategy is operationalized through accounting‐based performance measures and incentive systems, and articulates how the adoption of such systems is moderated by trust practices. The findings indicate that initial government policy objectives, translated as performance indicators in the case study, failed to offer adequate incentives for contractors and created tensions. However, controls were later developed through inter‐party trust practices for managing performance and relational risk. These findings have important implications for PFI policy and practice, including that negotiation can: (i) lead to pragmatic controls being introduced to foster cooperation and trust‐building; and (ii) provide opportunities for adapting the monitoring and incentive mechanisms. This study also contributes to the previous literature where PFI control systems were largely regarded as inadequate for dealing with unforeseen conflicts between parties. - Reproduced
650 _aPrivate finance initiative, (PFI), PFI policy
_923605
773 _aPublic Administration
906 _aPUBLIC FINANCE - ACCOUNTING - UNITED KINGDOM
942 _cAR